000 00842cab a2200253 4500
001 ABS57502
008 090401t1997 xxu||||| |||| 00| 0 eng d
035 _a(Sirsi) u80320
041 _aeng
100 _aWilliams, R.
245 _aNew labour - new employment law on the agenda
260 _c1997
350 _a0
490 _aFacilities Management
_v4(6) August 1997, 18-19(2)
520 _aDescribes the effect on business of the legislative changes proposed by the Labour government to improve employment law. Considering the social chapter, union law and individual employee rights.
650 _aEMPLOYMENT LAW
650 _aLABOUR GOVERNMENT
650 _aSOCIAL CHAPTER
650 _aUNIONS
650 _aWORKING TIME DIRECTIVE
690 _aOFFICE SERVICES AND ADMINISTRATION
942 _n0
948 _c19/08/1997
999 _c50581
_d50581